Frontiers in atomic , molecular and optical physics; vol. 3 (Record no. 19084)

MARC details
000 -LEADER
fixed length control field 00718nam a2200217Ia 4500
003 - CONTROL NUMBER IDENTIFIER
control field IN-BaIIA
008 - FIXED-LENGTH DATA ELEMENTS--GENERAL INFORMATION
fixed length control field 211028s9999 xx 000 0 eng d
020 ## - INTERNATIONAL STANDARD BOOK NUMBER
International Standard Book Number 81-7764-475-0
040 ## - CATALOGING SOURCE
Transcribing agency IIA Library
080 ## - UNIVERSAL DECIMAL CLASSIFICATION NUMBER
Universal Decimal Classification number 539.1
Item number FRO
100 ## - MAIN ENTRY--PERSONAL NAME
Personal name Sen Gupta, S. P.
9 (RLIN) 36435
245 #0 - TITLE STATEMENT
Title Frontiers in atomic , molecular and optical physics; vol. 3
Statement of responsibility, etc. S. P Sen Gupta, S. C Mukherjee and S. S. Bhattacharyya
260 ## - PUBLICATION, DISTRIBUTION, ETC.
Place of publication, distribution, etc. New Delhi
Name of publisher, distributor, etc. Allied Publishers
Date of publication, distribution, etc. 2003
300 ## - PHYSICAL DESCRIPTION
Extent xviii, 429p.
650 ## - SUBJECT ADDED ENTRY--TOPICAL TERM
Topical term or geographic name entry element Atoms
9 (RLIN) 1137
650 ## - SUBJECT ADDED ENTRY--TOPICAL TERM
Topical term or geographic name entry element Nuclear physics
9 (RLIN) 1527
650 ## - SUBJECT ADDED ENTRY--TOPICAL TERM
Topical term or geographic name entry element Physical optics
700 ## - ADDED ENTRY--PERSONAL NAME
Personal name Bhattacharyya, S. S., ed.
9 (RLIN) 36436
700 ## - ADDED ENTRY--PERSONAL NAME
Personal name Mukherjee, S. C.
9 (RLIN) 36437
942 ## - ADDED ENTRY ELEMENTS (KOHA)
Koha item type Books
Holdings
Withdrawn status Lost status Damaged status Not for loan Home library Current library Shelving location Date acquired Cost, normal purchase price Total Checkouts Full call number Barcode Date last seen Cost, replacement price Price effective from Koha item type Purchase Price
        IIA Library-Bangalore IIA Library-Bangalore General Stacks 22/07/2015 2698.00   539.1/ FRO 20006 05/11/2021 2698.00 22/07/2015 Books Rs. 2698.00

Powered by Koha